00334nam a2200121Ia 4500008004100000041000800041082001600049100001800065245004300083260005000126300001900176999001700195241015s9999 xx 000 0 und d aeng a658.421 FIE aFiet James O. aTheoretical World Of Entrepreneurshhip bEdward Elgar PublishingaUnited Kingdomc2022 a379;. P. 23 cm c41742d41742